Pilotes de F1 qui ont terminé la saison avec 0 point - 2000/2010 - Statistiques

Statistiques générales
  • Ce quiz a été pris 17 fois
  • Le résultat moyen est 26 sur 65
Statistiques - réponses
Année Pilotes % Correct
2006 Takuma Sato
80%
2008 Takuma Sato
80%
2010 Jarno Trulli
73%
2010 Timo Glock
73%
2008 Adrian Sutil
67%
2010 Heikki Kovalainen
67%
2002 Pedro de la Rosa
67%
2001 Fernando Alonso
60%
2006 Franck Montagny
60%
2004 Jacques Villeneuve
60%
2009 Nelsinho Piquet
60%
2000 Nick Heidfeld
60%
2007 Rubens Barrichello
60%
2006 Scott Speed
60%
2007 Scott Speed
60%
2009 Vitantonio Liuzzi
60%
2006 Yuji Ide
60%
2010 Lucas di Grassi
53%
2009 Romain Grosjean
53%
2010 Christian Klien
47%
2003 Jos Verstappen
47%
2010 Karun Chandhok
47%
2006 Sakon Yamamoto
47%
2007 Sakon Yamamoto
47%
2010 Sakon Yamamoto
47%
2010 Bruno Senna
40%
2000 Jean Alesi
40%
2007 Kazuki Nakajima
40%
2009 Kazuki Nakajima
40%
2009 Luca Badoer
40%
2007 Markus Winkelhock
40%
2005 Robert Doornbos
40%
2006 Robert Doornbos
40%
2006 Tiago Monteiro
40%
2006 Christijan Albers
33%
2007 Christijan Albers
33%
2009 Jaime Alguersuari
33%
2000 Johnny Herbert
33%
2001 Ricardo Zonta
33%
2004 Ricardo Zonta
33%
2005 Ricardo Zonta
33%
2001 Tarso Marques
33%
2003 Zsolt Baumgartner
33%
2001 Alex Yoong
27%
2002 Alex Yoong
27%
2002 Anthony Davidson
27%
2005 Anthony Davidson
27%
2007 Anthony Davidson
27%
2008 Anthony Davidson
27%
2003 Antonio Pizzonia
27%
2000 Gaston Mazzacane
27%
2001 Gaston Mazzacane
27%
2000 Marc Gene
27%
2004 Marc Gene
27%
2001 Enrique Bernoldi
20%
2002 Enrique Bernoldi
20%
2004 Gianmaria Bruni
20%
2004 Giorgio Pantano
20%
2000 Luciano Burti
20%
2001 Luciano Burti
20%
2003 Nicolas Kiesa
20%
2000 Pedro Diniz
20%
2001 Tomas Enge
20%
2002 Allan McNish
13%
2008 Giancarlo Fisichiella
0%
Aucun quiz correspondant
Distribution des résultats
% des personnes avec chaque résultat
Percentile par nombre de réponses
Votre historique - résultats
Vous n’avez pas pris ce quiz